| 000 | 01291cam a22002413a 4500 | ||
|---|---|---|---|
| 001 | 21809 | ||
| 003 | PGUSA | ||
| 005 | 20140828083450.0 | ||
| 008 | 070611s2007||||xxu|||||s|||||000 | eng d | ||
| 040 |
_aPGUSA _beng |
||
| 042 | _adc | ||
| 050 | 4 | _aPS | |
| 100 | 1 |
_aField, Eugene, _d1850-1895 |
|
| 245 | 1 | 0 |
_aSecond Book of Tales _h[electronic resource] / _cEugene Field |
| 260 |
_bProject Gutenberg, _c2007 |
||
| 505 | 0 | _aHumin natur' on the Hanb'ul 'nd St. Jo -- The mother in Paradise -- Mr. and Mrs. Blossom -- Death and the soldier -- The 'jinin' farms -- The angel and the flowers -- The child's letter -- The singer mother -- The two wives -- The wooing of Miss Woppit -- The talisman -- George's birthday -- Sweet-One-Darling and the dream fairies -- Sweet-One-Darling and the moon-garden -- Samuel Cowles and his horse Royal -- The werewolf -- A marvelous invention -- The story of Xanthippe -- Baked beans and culture -- Mlle. Prud'homme's book -- The demand for condensed music -- Learning and literature -- Die Walküre und der Boomerangelungen -- The works of Sappho. | |
| 506 | _aPublic domain in the USA. | ||
| 516 | _aElectronic text | ||
| 653 | _aShort stories | ||
| 830 | 0 |
_aProject Gutenberg _v21809 |
|
| 856 | 4 | 0 | _uhttp://www.gutenberg.org/ebooks/21809 |
| 942 | _cEB | ||
| 999 |
_c251064 _d251064 |
||